| 000 | 00522nam a2200193 a 4500 | ||
|---|---|---|---|
| 005 | 20240521063651.0 | ||
| 008 | 991125s1985 mad 000 0 spa u | ||
| 020 | _a8420511188 | ||
| 035 | _aUPN01000031379 | ||
| 049 | _aCG | ||
| 050 | 4 |
_aGV712 _bO4.5 |
|
| 100 | 1 | _aOliver Coronado, Arturo | |
| 245 | 1 | 0 |
_aIniciación al atletismo / _cArturo Oliver Coronado. |
| 260 |
_aMadrid : _bAlhambra, _c1985. |
||
| 300 |
_avi, 119 p. : _bil. |
||
| 440 | 0 |
_aDeporte y sociedad ; _v11 |
|
| 650 | 2 |
_aAtletismo _98566 |
|
| 905 | _aLibro | ||
| 999 |
_c31379 _d31379 |
||